[Event "Lichtenberger Sommer 2018"]
[Site "?"]
[Date "2018.08.22"]
[Round "5.21"]
[White "Krieger, Fabian"]
[Black "Vogel, Robert"]
[Result "1/2-1/2"]
[WhiteElo "1936"]
[BlackElo "2134"]
[PlyCount "35"]
[EventDate "2018.??.??"]
[WhiteTeam "SV Mattnetz Berlin"]
[BlackTeam "SG Pang-Rosenheim"]

1. c4 g6 2. g3 Bg7 3. Bg2 e5 4. Nc3 d6 5. d3 Nc6 6. Rb1 f5 7. e3 Nf6 8. Nge2
O-O 9. O-O g5 10. f4 gxf4 11. gxf4 Kh8 12. b4 Rg8 13. Kh1 Ng4 14. h3 Qh4 15.
Kg1 Bf6 16. Nd5 Bd7 17. Qe1 Qh6 18. hxg4 1/2-1/2

[Event "Lichtenberger Sommer 2018"]
[Site "?"]
[Date "2018.08.22"]
[Round "5.22"]
[White "Matitschka, Heinz"]
[Black "Daverkausen, Bernd"]
[Result "1/2-1/2"]
[WhiteElo "1938"]
[BlackElo "2132"]
[PlyCount "51"]
[EventDate "2018.??.??"]
[WhiteTeam "TSG Oberschöneweide"]
[BlackTeam "Kölner SK Dr. Lasker"]

1. d4 Nf6 2. c4 g6 3. Nc3 Bg7 4. e4 d6 5. h3 O-O 6. Bg5 Na6 7. Bd3 Qe8 8. Nge2
e5 9. d5 Nc5 10. Bc2 a5 11. Qd2 Bd7 12. O-O Nh5 13. Rae1 f5 14. exf5 gxf5 15.
Kh1 f4 16. Ne4 Nxe4 17. Bxe4 h6 18. Bh4 Bf6 19. Bxf6 Nxf6 20. Bf3 Qg6 21. Rg1
Kh8 22. Nc3 Bf5 23. g4 Bd3 24. Be2 Bxe2 25. Qxe2 h5 26. f3 1/2-1/2

[Event "Lichtenberger Sommer 2018"]
[Site "?"]
[Date "2018.08.22"]
[Round "5.23"]
[White "Freundorfer, Josef"]
[Black "Verbitsky, Jaroslaw"]
[Result "0-1"]
[WhiteElo "2147"]
[BlackElo "1845"]
[PlyCount "106"]
[EventDate "2018.??.??"]
[WhiteTeam "MTV Ingolstadt"]
[BlackTeam "SV Mattnetz Berlin"]

1. e4 c6 2. d4 d5 3. Nc3 dxe4 4. Nxe4 Bf5 5. Ng3 Bg6 6. N1e2 e6 7. Nf4 Qc7 8.
c3 Bd6 9. Qf3 Ne7 10. Bc4 Nd5 11. Bxd5 cxd5 12. O-O Nd7 13. Re1 O-O 14. Bd2 Nf6
15. Nxg6 hxg6 16. Re2 b5 17. Rae1 Qc4 18. b3 Qc7 19. Bg5 Bxg3 20. Bxf6 Bxh2+
21. Kh1 gxf6 22. g3 Bxg3 23. fxg3 Kg7 24. Rf1 Rh8+ 25. Kg2 f5 26. Re5 Rac8 27.
Rc1 Rh5 28. c4 bxc4 29. bxc4 Rch8 30. Qe3 dxc4 31. Rc5 Qb7+ 32. d5 Qb2+ 33. Kf3
f4 34. Qc3+ Qxc3+ 35. Rxc3 exd5 36. Kxf4 Rf5+ 37. Kg4 Re8 38. Rc7 Re4+ 39. Kh3
a6 40. Ra3 Re6 41. Rc5 Rd6 42. g4 Re5 43. Rc7 Rde6 44. Ra5 Re3+ 45. Kg2 Rd6 46.
a4 c3 47. Kf2 d4 48. g5 Ree6 49. Rac5 d3 50. Rb7 Rc6 51. Ra5 Rcd6 52. Rc5 d2
53. Rcc7 d1=Q 0-1

[Event "Lichtenberger Sommer 2018"]
[Site "?"]
[Date "2018.08.22"]
[Round "5.24"]
[White "Strehlow, Horst"]
[Black "Stark, Ingo"]
[Result "0-1"]
[WhiteElo "1981"]
[BlackElo "2107"]
[PlyCount "50"]
[EventDate "2018.??.??"]
[WhiteTeam "SG TT/WiHeil"]
[BlackTeam "TSG Oberschöneweide"]

1. e4 c5 2. Nf3 d6 3. d4 cxd4 4. Nxd4 Nf6 5. Nc3 a6 6. Bg5 Nbd7 7. Qf3 Qa5 8.
Be3 Ne5 9. Qf4 g5 10. Qxg5 Rg8 11. Nb3 Qd8 12. Qh4 Rg4 13. Qh3 Rxe4 14. Nxe4
Bxh3 15. Nxf6+ exf6 16. gxh3 Nf3+ 17. Kd1 Qd7 18. Bg2 Nh4 19. Bd5 O-O-O 20. c4
Re8 21. Rc1 Qf5 22. Rc3 Bh6 23. Re1 Nf3 24. Nd4 Nxd4 25. Bxd4 Qb1+ 0-1

[Event "Lichtenberger Sommer 2018"]
[Site "?"]
[Date "2018.08.22"]
[Round "5.25"]
[White "Kunz, Andre"]
[Black "Badestein, Hartmut"]
[Result "1-0"]
[WhiteElo "2159"]
[BlackElo "2025"]
[PlyCount "107"]
[EventDate "2018.??.??"]
[WhiteTeam "BSV 63 Chemie Weißensee"]
[BlackTeam "SC Friesen Lichtenberg"]

1. e4 c5 2. d4 cxd4 3. c3 g6 4. Nf3 Bg7 5. Bc4 e6 6. O-O Ne7 7. Nxd4 a6 8. Bg5
b5 9. Bb3 Bb7 10. Re1 Nbc6 11. Nf3 d6 12. Qd2 h6 13. Bf4 e5 14. Bg3 Qc7 15. Na3
O-O 16. c4 b4 17. Nc2 a5 18. Ne3 Nd4 19. Nxd4 exd4 20. Nd5 Nxd5 21. cxd5 a4 22.
Rac1 Qb6 23. Bc4 Rfc8 24. Qd3 Re8 25. f3 Re7 26. Bf2 Rc8 27. Red1 Rec7 28. b3
axb3 29. axb3 Ra8 30. Bxd4 Bxd4+ 31. Qxd4 Qxd4+ 32. Rxd4 f6 33. Rd2 Ra3 34.
Rcc2 Rc5 35. Kf2 Kf8 36. Ke3 Ke7 37. Kd4 Kd8 38. f4 Raa5 39. Ra2 Ke7 40. Re2
Kd7 41. Rxa5 Rxa5 42. e5 fxe5+ 43. fxe5 dxe5+ 44. Kxe5 Ba6 45. Kd4 Bxc4 46.
Kxc4 Ra1 47. Re6 g5 48. Rxh6 Ra2 49. g3 Rd2 50. d6 Kc6 51. Kxb4 g4 52. Kc4 Rc2+
53. Kd3 Rb2 54. Ke4 1-0

[Event "Lichtenberger Sommer 2018"]
[Site "?"]
[Date "2018.08.22"]
[Round "5.26"]
[White "Alten, Silvio"]
[Black "Lampe, Dirk"]
[Result "1-0"]
[WhiteElo "1899"]
[BlackElo "2188"]
[PlyCount "69"]
[EventDate "2018.??.??"]
[WhiteTeam "SV Mattnetz Berlin"]
[BlackTeam "Lübecker SV"]

1. e4 c5 2. Nf3 g6 3. d4 cxd4 4. Nxd4 Nc6 5. c4 Bg7 6. Be3 Nf6 7. Nc3 Ng4 8.
Qxg4 Nxd4 9. Qd1 Ne6 10. Be2 Bxc3+ 11. bxc3 Qa5 12. O-O Qxc3 13. Qd5 f6 14. c5
Rb8 15. Rab1 Qe5 16. Qxe5 fxe5 17. Rfd1 Rf8 18. h4 Rf6 19. a4 Nd8 20. Bb5 Ra8
21. Rb2 a6 22. Bc4 Nf7 23. Bd5 Rb8 24. Rdb1 Kd8 25. Bd2 Ke8 26. Ba5 Nd8 27. Bc7
Ra8 28. Bxe5 Rc6 29. Bxc6 Nxc6 30. Bc7 Kf7 31. Rd1 Ke6 32. f4 b5 33. cxb6 Bb7
34. Rbd2 d6 35. Bxd6 1-0

[Event "Lichtenberger Sommer 2018"]
[Site "?"]
[Date "2018.08.22"]
[Round "5.27"]
[White "Syre, Christian"]
[Black "Heppert, Lars"]
[Result "1-0"]
[WhiteElo "2184"]
[BlackElo "1925"]
[PlyCount "94"]
[EventDate "2018.??.??"]
[WhiteTeam "TSG Oberschöneweide"]
[BlackTeam "SK Neuburg"]

1. Nf3 c5 2. b3 Nf6 3. Bb2 d5 4. e3 Nc6 5. Bb5 a6 6. Bxc6+ bxc6 7. O-O g6 8. d3
Bg7 9. Nbd2 O-O 10. Rc1 h6 11. Qe2 Be6 12. Rfd1 Qb6 13. c4 Rfc8 14. d4 cxd4 15.
exd4 Re8 16. Ne5 Rac8 17. Nxg6 Bg4 18. Nxe7+ Rxe7 19. Qxe7 Bxd1 20. Rxd1 Qa5
21. Qa3 Qc7 22. Re1 Qf4 23. Nf3 Ne4 24. Qxa6 Rc7 25. Bc1 Qf5 26. Be3 dxc4 27.
Qxc4 Bf8 28. h3 h5 29. Qc2 Bd6 30. Bg5 Ng3 31. Qxf5 Nxf5 32. Bf6 Ra7 33. Re8+
Kh7 34. g4 Kg6 35. Be5 hxg4 36. Rg8+ Kh7 37. Rh8+ Kg6 38. hxg4 Bxe5 39. Nxe5+
Kg7 40. Rd8 Nh4 41. Rd7 Rxa2 42. Rxf7+ Kg8 43. Rf4 Kg7 44. Nxc6 Rc2 45. Ne5 Rb2
46. Rf7+ Kh6 47. f4 Nf3+ 1-0

[Event "Lichtenberger Sommer 2018"]
[Site "?"]
[Date "2018.08.22"]
[Round "5.28"]
[White "Albert, Jörg"]
[Black "Lange, Cecilia"]
[Result "1-0"]
[WhiteElo "2141"]
[BlackElo "1959"]
[PlyCount "121"]
[EventDate "2018.??.??"]
[WhiteTeam "SV Eiche Reichenbrand"]
[BlackTeam "TSG Oberschöneweide"]

1. d4 d5 2. e3 Nf6 3. Nf3 Bf5 4. Bd3 Bxd3 5. cxd3 e6 6. O-O c5 7. Nbd2 Nc6 8.
Nb3 cxd4 9. Nfxd4 Be7 10. f4 O-O 11. Qe2 Qb6 12. Bd2 a5 13. a4 Nb4 14. Bc3 Nd7
15. g4 e5 16. Nf5 Bd6 17. Nxd6 Qxd6 18. f5 e4 19. dxe4 dxe4 20. Qc4 Qb6 21.
Qxe4 Rfe8 22. Qd4 Qxd4 23. exd4 Nc2 24. Rac1 Ne3 25. Rfe1 b6 26. h3 Nf6 27. Bd2
Nfd5 28. Bxe3 Nxe3 29. Kf2 Nd5 30. Re5 Nf4 31. Rxe8+ Rxe8 32. Rc3 Kf8 33. Re3
Rc8 34. Kg3 Nd5 35. Re5 Nb4 36. Rb5 Nd3 37. Rxb6 Nxb2 38. Nc5 Nc4 39. Rb7 Rd8
40. Rd7 Rb8 41. Nb7 Nb6 42. Rc7 Nxa4 43. Nxa5 Ra8 44. Nc6 Nb6 45. Rb7 Nc4 46.
Rb8+ Rxb8 47. Nxb8 Ke7 48. Nc6+ Kd6 49. Nb4 Nd2 50. Kf4 h6 51. Ke3 Nf1+ 52. Kd3
Ng3 53. Nc2 h5 54. Ne3 hxg4 55. hxg4 g6 56. Nc4+ Kd5 57. fxg6 fxg6 58. Nd2 Nh1
59. Ke3 Ng3 60. Kf3 Nh1 61. Nb3 1-0

[Event "Lichtenberger Sommer 2018"]
[Site "?"]
[Date "2018.08.22"]
[Round "5.29"]
[White "Schönberger, Kay"]
[Black "Heuser, Philip"]
[Result "1/2-1/2"]
[WhiteElo "1889"]
[BlackElo "2049"]
[PlyCount "82"]
[EventDate "2018.??.??"]
[WhiteTeam "SV Koblenz"]
[BlackTeam "Münchener SC"]

1. d4 d5 2. c4 c6 3. Nf3 Nf6 4. Nc3 e6 5. e3 Nbd7 6. Qc2 b6 7. Be2 Bb7 8. O-O
Bd6 9. b3 O-O 10. Bb2 Rc8 11. Rfd1 Qe7 12. Rd2 dxc4 13. bxc4 e5 14. Rad1 e4 15.
Nh4 g6 16. g3 Rfe8 17. Ng2 Qe6 18. Bf1 Qg4 19. Re1 g5 20. Qd1 Qf5 21. Be2 Bb4
22. Rf1 Qh3 23. f3 c5 24. d5 Ne5 25. Nxe4 Nxe4 26. fxe4 Rcd8 27. Rc2 Bc8 28.
Rf6 Ng4 29. Bxg4 Qxg4 30. Qxg4 Bxg4 31. Rcf2 Bh5 32. e5 b5 33. R2f5 bxc4 34.
Rxg5+ Bg6 35. Nf4 c3 36. Bc1 h6 37. Rg4 Rxe5 38. Nxg6 fxg6 39. Rgxg6+ Kh7 40.
Rxh6+ Kg7 41. Rhg6+ Kh7 1/2-1/2

[Event "Lichtenberger Sommer 2018"]
[Site "?"]
[Date "2018.08.22"]
[Round "5.30"]
[White "Rohde, Wolfgang"]
[Black "Barskij, Aleksandr"]
[Result "1/2-1/2"]
[WhiteElo "2085"]
[BlackElo "1890"]
[PlyCount "94"]
[EventDate "2018.??.??"]
[WhiteTeam "SC Friesen Lichtenberg"]
[BlackTeam "SV Unna"]

1. d4 Nf6 2. Nf3 d5 3. c4 e6 4. Nc3 c5 5. cxd5 Nxd5 6. e4 Nxc3 7. bxc3 cxd4 8.
cxd4 Bb4+ 9. Bd2 Bxd2+ 10. Qxd2 O-O 11. Bc4 b6 12. O-O Bb7 13. Rfe1 Nc6 14.
Rad1 Na5 15. Bd3 Rc8 16. Qf4 Nc4 17. Rc1 Nb2 18. Rxc8 Qxc8 19. Bb1 Qc3 20. Rc1
Nd3 21. Rxc3 Nxf4 22. Rc7 Rc8 23. Rxc8+ Bxc8 24. Bc2 Bb7 25. Kf1 Ba6+ 26. Ke1
Nxg2+ 27. Kd2 f6 28. Bd3 Bb7 29. Bf1 Nf4 30. Ke3 g5 31. h4 h6 32. hxg5 hxg5 33.
Nd2 Kf7 34. Nb3 Ke7 35. f3 Kd6 36. Nd2 Bc6 37. Nb1 b5 38. Nc3 a6 39. a3 Kc7 40.
Bd3 Kb6 41. Bc2 a5 42. Bb3 Bb7 43. Nd1 b4 44. axb4 axb4 45. Nb2 Ba6 46. Na4+
Kc6 47. Nc5 Bc8 1/2-1/2

[Event "Lichtenberger Sommer 2018"]
[Site "?"]
[Date "2018.08.22"]
[Round "5.31"]
[White "Seitz, Patrick"]
[Black "Miowitz, Torsten"]
[Result "1/2-1/2"]
[WhiteElo "1998"]
[BlackElo "1858"]
[PlyCount "83"]
[EventDate "2018.??.??"]
[WhiteTeam "SC Böblingen"]
[BlackTeam "Lasker Steglitz-Wilmersdorf"]

1. e4 c6 2. Nc3 d5 3. Nf3 Bg4 4. h3 Bxf3 5. Qxf3 e6 6. exd5 cxd5 7. d4 Nf6 8.
Bd3 Be7 9. O-O O-O 10. Bf4 Nc6 11. Ne2 Nb4 12. Ng3 Nxd3 13. Qxd3 Bd6 14. Be5
Bxe5 15. dxe5 Nd7 16. f4 Nc5 17. Qf3 Qb6 18. Kh2 g6 19. b3 Rac8 20. Rad1 Rfd8
21. Rfe1 Qc6 22. Re2 b5 23. c4 bxc4 24. bxc4 d4 25. Qg4 d3 26. Re3 Rd4 27. Nh5
Qc7 28. Qg5 Kf8 29. Nf6 d2 30. Nxh7+ Ke8 31. Nf6+ Kf8 32. Re2 Rcd8 33. h4 Na4
34. h5 Nc3 35. Rexd2 Rxd2 36. Rxd2 Rxd2 37. hxg6 fxg6 38. Qxg6 Qf7 39. Nh7+ Ke8
40. Nf6+ Kf8 41. Nh7+ Ke8 42. Nf6+ 1/2-1/2

[Event "Lichtenberger Sommer 2018"]
[Site "?"]
[Date "2018.08.22"]
[Round "5.32"]
[White "Dathe, Frederick"]
[Black "Namestnikov, Boris"]
[Result "1-0"]
[WhiteElo "2007"]
[BlackElo "1916"]
[PlyCount "59"]
[EventDate "2018.??.??"]
[WhiteTeam "SC Kreuzberg"]
[BlackTeam "SK Zehlendorf"]

1. Nf3 d5 2. g3 Nf6 3. Bg2 e6 4. O-O Be7 5. c4 O-O 6. b3 c5 7. cxd5 exd5 8. d4
Nc6 9. dxc5 Bxc5 10. Nc3 Be6 11. Ng5 Qd7 12. Nxe6 fxe6 13. Bb2 Rad8 14. Na4 Be7
15. Rc1 Qe8 16. Nc5 Bxc5 17. Rxc5 Qg6 18. a3 Rc8 19. Qd3 Qf7 20. b4 Rfd8 21.
Rfc1 Qd7 22. e3 b6 23. R5c2 Ne7 24. h4 Rxc2 25. Rxc2 Rc8 26. Bf3 Rxc2 27. Qxc2
Qc6 28. Qxc6 Nxc6 29. Kf1 e5 30. b5 1-0

[Event "Lichtenberger Sommer 2018"]
[Site "?"]
[Date "2018.08.22"]
[Round "5.33"]
[White "Fock, Amina"]
[Black "Böttcher, Patrick"]
[Result "0-1"]
[WhiteElo "1824"]
[BlackElo "2100"]
[PlyCount "92"]
[EventDate "2018.??.??"]
[WhiteTeam "SC Zugzwang 95 (Berlin)"]
[BlackTeam "SC Zitadelle Spandau"]

1. e4 c5 2. Nc3 Nc6 3. f4 g6 4. Nf3 Bg7 5. Bb5 Nd4 6. O-O Nxb5 7. Nxb5 d5 8. e5
Bg4 9. Nc3 a6 10. d4 cxd4 11. Ne2 e6 12. Nexd4 Ne7 13. Qe1 Nf5 14. Qb4 Qc7 15.
Nxf5 Bxf5 16. Be3 Bf8 17. Qb3 Bxc2 18. Rfc1 Rc8 19. Qb6 Qxb6 20. Bxb6 Kd7 21.
Nd4 Ba4 22. Rxc8 Kxc8 23. Rc1+ Bc6 24. Ba5 Kd7 25. b4 Bh6 26. g3 Rc8 27. Nb3 g5
28. f5 exf5 29. Nc5+ Ke7 30. Rf1 f4 31. gxf4 gxf4 32. Kf2 Bg7 33. Re1 Bb5 34.
a4 Be8 35. Kf3 Rc6 36. b5 axb5 37. axb5 Rxc5 38. Bb4 b6 39. Bxc5+ bxc5 40. b6
Bc6 41. Kxf4 Bh6+ 42. Kg4 Bb7 43. Ra1 Kd7 44. Kf5 c4 45. Kf6 Bf4 46. Ra2 c3 0-1

[Event "Lichtenberger Sommer 2018"]
[Site "?"]
[Date "2018.08.22"]
[Round "5.34"]
[White "Jeß, Arne"]
[Black "Heerde, Thomas"]
[Result "1/2-1/2"]
[WhiteElo "1814"]
[BlackElo "2005"]
[PlyCount "92"]
[EventDate "2018.??.??"]
[WhiteTeam "TSG Fredersdorf/Vogelsdorf"]
[BlackTeam "SK Zehlendorf"]

1. e4 d5 2. exd5 Qxd5 3. Nc3 Qa5 4. Nf3 Nf6 5. d4 c6 6. Ne5 Be6 7. Nc4 Qc7 8.
h3 Nbd7 9. Qf3 Nd5 10. g4 g6 11. Bg5 Bg7 12. Nxd5 Bxd5 13. Qe3 f6 14. Bf4 e5
15. Rg1 O-O 16. Bg3 Rae8 17. O-O-O b5 18. Nd2 Qa5 19. a3 exd4 20. Qxd4 f5 21.
Qb4 Qxb4 22. axb4 f4 23. Bh2 Ne5 24. Bg2 g5 25. Bxd5+ cxd5 26. f3 Re6 27. Rh1
d4 28. Bg1 d3 29. c3 Rc8 30. Bd4 Nc6 31. Bxg7 Kxg7 32. Ne4 Rg6 33. Nc5 Rf6 34.
Nxd3 h5 35. Rhe1 hxg4 36. hxg4 Rh8 37. Ne5 Nxe5 38. Rxe5 Rh3 39. Rdd5 Rxf3 40.
Rxb5 Rg3 41. Rxg5+ Kh6 42. Rh5+ Kg6 43. Rbg5+ Kf7 44. Rh7+ Ke6 45. Rxa7 f3 46.
Ra6+ Kf7 1/2-1/2

[Event "Lichtenberger Sommer 2018"]
[Site "?"]
[Date "2018.08.22"]
[Round "5.35"]
[White "Meister, Alexander"]
[Black "Bauder, Herbert"]
[Result "1/2-1/2"]
[WhiteElo "1962"]
[BlackElo "1886"]
[PlyCount "40"]
[EventDate "2018.??.??"]
[WhiteTeam "vereinslos"]
[BlackTeam "Lasker Steglitz-Wilmersdorf"]

1. d4 Nf6 2. Nf3 g6 3. g3 c5 4. c3 b6 5. Bg2 Bb7 6. O-O Bg7 7. Qb3 Nc6 8. dxc5
Na5 9. Qa3 O-O 10. cxb6 axb6 11. Qb4 Nd5 12. Qh4 Nb3 13. axb3 Rxa1 14. Na3 Nf6
15. Rd1 d6 16. Ne1 Bxg2 17. Kxg2 Qa8+ 18. f3 Nd5 19. Nec2 Rxc1 20. Rxc1 Rc8
1/2-1/2

[Event "Lichtenberger Sommer 2018"]
[Site "?"]
[Date "2018.08.22"]
[Round "5.36"]
[White "Bonnez, Finn"]
[Black "Kretzschmar, Jan"]
[Result "1/2-1/2"]
[WhiteElo "1946"]
[BlackElo "1817"]
[PlyCount "60"]
[EventDate "2018.??.??"]
[WhiteTeam "Norrebro Chessclub"]
[BlackTeam "SC Kreuzberg"]

1. d4 Nf6 2. Nf3 g6 3. e3 Bg7 4. Nbd2 d6 5. h3 O-O 6. Bc4 c6 7. c3 Qc7 8. a4 e5
9. dxe5 dxe5 10. Qc2 b6 11. O-O Ba6 12. b3 Bxc4 13. Nxc4 Nbd7 14. Ba3 c5 15. e4
Rfe8 16. Rad1 Bf8 17. Bc1 Qc6 18. Rfe1 Nh5 19. Ne3 a6 20. c4 Nf4 21. Bb2 Bg7
22. Nd5 Ne6 23. Rd3 Nd4 24. Nxd4 exd4 25. f4 Nf6 26. Nxf6+ Bxf6 27. e5 Bg7 28.
Qc1 f6 29. exf6 Rxe1+ 30. Qxe1 Bxf6 1/2-1/2

[Event "Lichtenberger Sommer 2018"]
[Site "?"]
[Date "2018.08.22"]
[Round "5.37"]
[White "Kutschke, Jens"]
[Black "Hoffmann, Rainer"]
[Result "1-0"]
[WhiteElo "1984"]
[BlackElo "1950"]
[PlyCount "79"]
[EventDate "2018.??.??"]
[WhiteTeam "SF 1903 Berlin"]
[BlackTeam "SV Oberkrämer"]

1. e4 c5 2. Nf3 d6 3. d4 cxd4 4. Nxd4 Nf6 5. Nc3 a6 6. f3 e6 7. Be3 Be7 8. Qd2
Qc7 9. O-O-O Nbd7 10. g4 Ne5 11. g5 Nfd7 12. f4 Nc4 13. Bxc4 Qxc4 14. Kb1 b5
15. b3 Qc7 16. f5 b4 17. Na4 Nc5 18. Nxc5 dxc5 19. fxe6 fxe6 20. Ne2 O-O 21. g6
h6 22. Rdf1 Bb7 23. Bf4 e5 24. Bxh6 Bf6 25. Ng3 Rad8 26. Qe3 Rd4 27. Bg5 Qd8
28. Bxf6 Rxf6 29. Rxf6 Qxf6 30. Rf1 Qxg6 31. Nf5 Qg2 32. Ne7+ Kh7 33. Rg1 Rxe4
34. Qc1 Qf2 35. Rf1 Qh4 36. Nf5 Qd8 37. Rg1 Rf4 38. Rxg7+ Kh8 39. Rxb7 Qf8 40.
Ng3 1-0

[Event "Lichtenberger Sommer 2018"]
[Site "?"]
[Date "2018.08.22"]
[Round "5.38"]
[White "Plaza Reino, Agustin"]
[Black "Birkholz, Axel"]
[Result "1/2-1/2"]
[WhiteElo "1944"]
[BlackElo "1858"]
[PlyCount "64"]
[EventDate "2018.??.??"]
[WhiteTeam "Enniscorthy Chess Club"]
[BlackTeam "SR Spaichingen"]

1. e4 c5 2. Nf3 d6 3. d4 cxd4 4. Nxd4 Nf6 5. Nc3 a6 6. Be3 e6 7. Bd3 Nbd7 8. a4
b6 9. f4 Qc7 10. O-O Bb7 11. g4 Nc5 12. Qf3 d5 13. e5 Nfd7 14. Rac1 Rc8 15. Qe2
Be7 16. b4 Nxd3 17. cxd3 Qb8 18. Na2 O-O 19. Nb3 Rxc1 20. Rxc1 Rc8 21. Qd2
Rxc1+ 22. Qxc1 Qc8 23. Qxc8+ Bxc8 24. d4 Nb8 25. Bd2 Nc6 26. Kf2 Kf8 27. Ke3
Ke8 28. Nac1 Bd7 29. Nd3 Kd8 30. Nbc1 a5 31. bxa5 Nxa5 32. Bxa5 bxa5 1/2-1/2

[Event "Lichtenberger Sommer 2018"]
[Site "?"]
[Date "2018.08.22"]
[Round "5.39"]
[White "Joppien, Arne"]
[Black "Schumacher, Gerhard"]
[Result "1/2-1/2"]
[WhiteElo "1921"]
[BlackElo "1759"]
[PlyCount "128"]
[EventDate "2018.??.??"]
[WhiteTeam "TSV Cadenberge"]
[BlackTeam "SG BVG Helmholz 55"]

1. d4 d6 2. e4 Nf6 3. Nc3 c6 4. Nf3 Bg4 5. h3 Bh5 6. Be2 e6 7. O-O Be7 8. Be3
O-O 9. Nd2 Bxe2 10. Nxe2 d5 11. e5 Nfd7 12. Nf4 c5 13. c3 Nc6 14. Qg4 Kh8 15.
Nh5 Rg8 16. f4 g6 17. Ng3 Rc8 18. a3 a5 19. Nf3 Rg7 20. Nd2 Qb6 21. dxc5 Bxc5
22. Bxc5 Nxc5 23. Kh2 Qxb2 24. Qe2 Qb6 25. Rab1 Qc7 26. Qe3 Nb8 27. Ne2 Nba6
28. Nd4 a4 29. Nb5 Qe7 30. Nd6 Rb8 31. Rb6 Rgg8 32. Rfb1 Rgd8 33. Nf3 h6 34. f5
Kh7 35. f6 Qc7 36. Qf4 Kh8 37. Qh4 Kg8 38. Kh1 Nb3 39. Rb5 Nac5 40. Rb4 Nd3 41.
Rxa4 Qxc3 42. Qg3 Qc2 43. Rg1 Nbc5 44. Rh4 Nf2+ 45. Kh2 Nce4 46. Nxe4 Nxe4 47.
Qg4 Ra8 48. Nd4 Qb2 49. Qd1 Rxa3 50. Rf4 Kh7 51. Re1 Rc8 52. Re2 Qc1 53. Qxc1
Rxc1 54. Rb2 Nc5 55. Rb6 Ra6 56. Rb4 g5 57. Rf3 Kg6 58. Nb3 Nxb3 59. Rfxb3 Rc7
60. Rxb7 Rxb7 61. Rxb7 Ra4 62. Rb8 Ra7 63. g4 Kh7 64. Rd8 Rc7 1/2-1/2

[Event "Lichtenberger Sommer 2018"]
[Site "?"]
[Date "2018.08.22"]
[Round "5.40"]
[White "Ho, Ngoc Hai-Dang"]
[Black "Eisheh, Jens-Tarek"]
[Result "1/2-1/2"]
[WhiteElo "1582"]
[BlackElo "1947"]
[PlyCount "107"]
[EventDate "2018.??.??"]
[WhiteTeam "SV Mattnetz Berlin"]
[BlackTeam "Lübecker SV"]

1. e4 e5 2. Nf3 Nc6 3. Bc4 Nf6 4. d3 Be7 5. c3 d6 6. Bb3 O-O 7. O-O Na5 8. Bc2
c5 9. Nbd2 Ne8 10. Re1 Nc6 11. h3 Kh8 12. d4 cxd4 13. cxd4 a5 14. a3 Bf6 15. d5
Nb8 16. Nc4 b5 17. Ne3 g6 18. Nh2 Bg7 19. Bd3 Bd7 20. Neg4 Na6 21. f4 exf4 22.
Rb1 Qb6+ 23. Kh1 f5 24. exf5 gxf5 25. Re7 Qd8 26. Qe2 fxg4 27. hxg4 Nc5 28. Bc2
a4 29. Bd2 Nf6 30. Bc3 Re8 31. Bxf6 Bxf6 32. Rxh7+ Kg8 33. Qf3 Re7 34. Rh6 Bg5
35. Rh5 Re5 36. Qd1 Ne4 37. Bxe4 Rxe4 38. Qd3 Qe7 39. Rxg5+ Qxg5 40. Qxe4 Re8
41. Qd4 Qe5 42. Nf3 Qxd4 43. Nxd4 Re4 44. Rd1 Bxg4 45. Rd2 Bd7 46. Kg1 Kf7 47.
Kf2 Re5 48. Ne2 Kf6 49. Nxf4 Bg4 50. g3 Re4 51. Rd3 Rc4 52. Rc3 Rd4 53. Rd3 Rc4
54. Rc3 1/2-1/2

[Event "Lichtenberger Sommer 2018"]
[Site "?"]
[Date "2018.08.22"]
[Round "5.41"]
[White "Matitschka, Johannes"]
[Black "Meyer-Dunker, Paul"]
[Result "0-1"]
[WhiteElo "1774"]
[BlackElo "2017"]
[PlyCount "60"]
[EventDate "2018.??.??"]
[WhiteTeam "TSG Oberschöneweide"]
[BlackTeam "SC Friesen Lichtenberg"]

1. Nf3 d5 2. g3 Nf6 3. Bg2 Bf5 4. d3 h6 5. O-O e6 6. Nbd2 Bd6 7. Re1 Bh7 8. e4
Be7 9. Qe2 dxe4 10. dxe4 c6 11. Rd1 Nbd7 12. a3 O-O 13. b4 a5 14. bxa5 Qxa5 15.
Nb3 Qc7 16. e5 Nd5 17. Bb2 Nc5 18. Nxc5 Bxc5 19. c4 Nb6 20. Nd2 Qe7 21. Be4
Bxe4 22. Nxe4 Bxa3 23. Bxa3 Rxa3 24. Rxa3 Qxa3 25. Qg4 Kh8 26. Nd6 Qc5 27. Qh5
Kg8 28. Rd3 Nxc4 29. Nxb7 Qxe5 30. Qh4 Nd2 0-1

[Event "Lichtenberger Sommer 2018"]
[Site "?"]
[Date "2018.08.22"]
[Round "5.42"]
[White "Plaza Reino, Mercedes"]
[Black "Segerberg, Tomas"]
[Result "0-1"]
[WhiteElo "1701"]
[BlackElo "2101"]
[PlyCount "152"]
[EventDate "2018.??.??"]
[WhiteTeam "Enniscorthy Chess Club"]
[BlackTeam "SG NARVA Berlin"]

1. d4 e6 2. c4 Nf6 3. Nf3 b6 4. g3 Ba6 5. b3 Bb4+ 6. Bd2 Be7 7. Bg2 c6 8. Bc3
d5 9. Ne5 Nfd7 10. Nxd7 Nxd7 11. Nd2 Rc8 12. O-O O-O 13. e4 b5 14. Re1 bxc4 15.
bxc4 dxc4 16. Qa4 Bb5 17. Qc2 Nb6 18. a4 Ba6 19. Rad1 Qc7 20. Nf1 Rfd8 21. Ne3
Bf8 22. Bf1 c5 23. d5 exd5 24. exd5 Bb7 25. Bg2 Ba6 26. Be4 g6 27. Ng4 Nd7 28.
Qd2 Qd6 29. Nh6+ Bxh6 30. Qxh6 Qf8 31. Qf4 f5 32. Bf3 Re8 33. Re6 Bb7 34. Be2
Bxd5 35. Rxe8 Rxe8 36. Rxd5 Re4 37. Qf3 Qe8 38. Bf1 Nb6 39. Rd1 Nxa4 40. Bf6
Kf7 41. Rd8 Qc6 42. Bg5 Nb6 43. Qc3 Rd4 44. Rxd4 cxd4 45. Qxd4 c3 46. Bg2 Qc7
47. Qf6+ Kg8 48. Qe6+ Kg7 49. Qe7+ Qxe7 50. Bxe7 Kf7 51. Ba3 Ke6 52. f4 Nc4 53.
Bc1 Nb2 54. Bf1 Kd5 55. Kf2 a5 56. Ke1 Kd4 57. Bb5 a4 58. Bd7 a3 59. Be6 Kd3
60. Bb3 Ke4 61. Ke2 h6 62. Ba2 h5 63. Bxb2 axb2 64. Bb1+ Kd4 65. Kd1 Ke3 66.
Kc2 Kf3 67. Kxc3 Kg2 68. Kxb2 Kxh2 69. Ba2 Kxg3 70. Bf7 h4 71. Bxg6 Kxf4 72.
Kc2 h3 73. Be8 Ke3 74. Kd1 f4 75. Ke1 f3 76. Kf1 h2 0-1

[Event "Lichtenberger Sommer 2018"]
[Site "?"]
[Date "2018.08.22"]
[Round "5.43"]
[White "Bergmann, Jens"]
[Black "Jeremic, Dusan"]
[Result "0-1"]
[WhiteElo "1835"]
[BlackElo "2123"]
[PlyCount "50"]
[EventDate "2018.??.??"]
[WhiteTeam "SK Tempelhof 1931"]
[BlackTeam "SF 1903 Berlin"]

1. e4 e5 2. Nf3 Nc6 3. Bc4 Bc5 4. O-O Nf6 5. d4 Bxd4 6. Nxd4 Nxd4 7. f4 d6 8.
fxe5 dxe5 9. Bg5 Be6 10. Na3 Qe7 11. Bxf6 gxf6 12. c3 Bxc4 13. Nxc4 Ne6 14. b4
Rd8 15. Qa4+ c6 16. Qxa7 Nf4 17. Rf3 Rg8 18. g3 Qd7 19. Ne3 Qd3 20. Rd1 Nh3+
21. Kh1 Qxe4 22. Rxd8+ Kxd8 23. Qb8+ Kd7 24. Qxb7+ Ke6 25. Kg2 Ng5 0-1

[Event "Lichtenberger Sommer 2018"]
[Site "?"]
[Date "2018.08.22"]
[Round "5.44"]
[White "Schulz, Olaf"]
[Black "Schmidt, Jürgen"]
[Result "0-1"]
[WhiteElo "2014"]
[BlackElo "1874"]
[PlyCount "108"]
[EventDate "2018.??.??"]
[WhiteTeam "vereinslos"]
[BlackTeam "SC Kreuzberg"]

1. d4 d5 2. c4 c6 3. Nc3 Nf6 4. Nf3 e6 5. Bg5 Be7 6. e3 Nbd7 7. Rc1 O-O 8. a3
a6 9. Bd3 dxc4 10. Bxc4 b5 11. Ba2 Bb7 12. O-O c5 13. dxc5 Nxc5 14. Nd4 Nfe4
15. Bf4 Nxc3 16. Rxc3 Ne4 17. Rc7 Rb8 18. Qc2 Nf6 19. Bxe6 fxe6 20. Rd1 Qd5 21.
Nf3 Qh5 22. Rxe7 Bxf3 23. gxf3 Nd5 24. Rxd5 exd5 25. Qc7 Qg6+ 26. Bg3 Rbe8 27.
Rd7 Rf7 28. Kg2 Rxd7 29. Qxd7 Qf7 30. Qc6 Rf8 31. f4 Qf5 32. h3 Rc8 33. Qxa6
Qe4+ 34. f3 Qc2+ 35. Bf2 Rc6 36. Qxb5 Rg6+ 37. Kh1 h6 38. Qxd5+ Kh7 39. f5 Rg5
40. f4 Rxf5 41. Qf3 Qxb2 42. Qe4 g6 43. Qe7+ Kg8 44. Kg2 Rf7 45. Qb4 Qf6 46.
Kf3 Qf5 47. Kg3 g5 48. Qb8+ Kh7 49. Qd6 gxf4+ 50. Qxf4 Qg6+ 51. Qg4 Qd6+ 52.
Kh4 Qf6+ 53. Kh5 Qf5+ 54. Qxf5+ Rxf5+ 0-1

[Event "Lichtenberger Sommer 2018"]
[Site "?"]
[Date "2018.08.22"]
[Round "5.45"]
[White "Kornrumpf, Joachim"]
[Black "Stein, Siegfried"]
[Result "1-0"]
[WhiteElo "2062"]
[BlackElo "1822"]
[PlyCount "43"]
[EventDate "2018.??.??"]
[WhiteTeam "Preetzer TSV"]
[BlackTeam "SV Berolina Mitte"]

1. Nf3 g6 2. c4 Bg7 3. Nc3 d6 4. b3 e5 5. Qc2 f5 6. Bb2 Nf6 7. e3 a5 8. Be2 Na6
9. d4 e4 10. Ng5 h6 11. Nh3 Be6 12. a3 Bf7 13. O-O O-O 14. f3 d5 15. cxd5 Nxd5
16. Nxd5 Bxd5 17. Nf4 exf3 18. Bc4 c6 19. Bxd5+ cxd5 20. Nxg6 Rc8 21. Qxc8 Qg5
22. Qe6+ 1-0